Bolivia Trivia Quiz - Statistieken

Algemene statistieken
  • Deze quiz is 391 keer genomen
  • De gemiddelde score is 9 van 18
Antwoordstatistieken
Hint Antwoord % Correct
Stad waar de regering is gevestigd La Paz
90%
Bolivia heeft 37 officiële ___ Talen
87%
Bergketen die door Bolivia loopt Andes
85%
Officiële hoofdstad Sucre
84%
Naar wie Bolivia is vernoemd Simón Bolívar
75%
Bolivia heeft naar schatting 50-70% van de wereldreserves van deze batterijcomponent Lithium
62%
Groot meer gedeeld met Peru Titicacameer
60%
Argentijnse marxist neergeschoten in Bolivia in 1967 Che Guevara
57%
Blad dat wordt gekauwd om de effecten van grote hoogte tegen te gaan en ook wordt gebruikt om illegale drugs te produceren Coca
53%
Rijk dat west-Bolivia regeerde ten tijde van de Spaanse verovering Inca's
50%
Gewas gedomesticeerd in Peru en Bolivia vóór 5000 voor Christus. Aardappelen
47%
Koloniale naam voor Bolivia Opper-{Peru}
44%
Meest bevolkte stad Santa Cruz
40%
Eerste inheemse president van Bolivia, verkozen in 2006 Evo Morales
25%
Stad op 4090 meter hoogte, de plaats van de rijkste zilverader ooit ontdekt Potosí
25%
Oorlog waarbij Bolivia zijn kustlijn verloor {Salpeter}oorlog
22%
Plateau van de bovenstaande gedeeld door Peru en Bolivia {Hoogland} van Bolivia
21%
Volledige naam van Bolivia {Plurinationale} Staat Bolivia
21%
Geen overeenkomende quizzen gevonden
Scoreverdeling
Procent van Mensen met Elke Score
Percentiel versus Aantal Correcte Antwoorden
Uw Scoregeschiedenis
U heeft deze quiz nog niet genomen